Polyfunkčný obytný komplex Kerling v Banskej Štiavnici

Guardado en:
Detalles Bibliográficos
Autor principal: Al Rubaiee, Balquis (Autor)
Otros Autores: Selcová, Ľubica (Orientador)
Formato: Manuscrito Libro
Lenguaje:eslovaco
Publicado: Bratislava 2018
Materias:
Acceso en línea:http://is.stuba.sk/zp/portal_zp.pl?podrobnosti=139247
Etiquetas: Agregar Etiqueta
Sin Etiquetas, Sea el primero en etiquetar este registro!

MARC

LEADER 00000ntm a22000003a 4500
001 stuzp68561
003 SK-STU
005 20200929084530.1
007 ta
008 150427s2015----xo-----f-mn---000-0-slo-d
040 |a STU  |b slo 
041 0 |a slo 
100 1 |a Al Rubaiee, Balquis  |u 051110  |4 aut  |U FAD Fakulta architektúry  |T FA Ústav architektúry obytných budov  |X 69955  |U A1110  |Y 392  |7 69955 
242 0 1 |a Multifunctional residential complex Kerling in Banská Štiavnica  |y eng 
245 1 0 |a Polyfunkčný obytný komplex Kerling v Banskej Štiavnici 
260 |c 2018  |a Bratislava 
650 4 |a Banská Štiavnica  |2 slo 
650 4 |a Vnútroblok  |2 slo 
650 4 |a Kerling  |2 slo 
650 4 |a Polyfunkčný komplex  |2 slo 
650 4 |a Obytné budovy  |2 slo 
650 4 |a Kerling  |2 eng 
650 4 |a Banská Štiavnica  |2 eng 
650 4 |a Residential buildings  |2 eng 
650 4 |a Multifunctional complex  |2 eng 
650 4 |a Courtyard  |2 eng 
700 1 |a Selcová, Ľubica  |u 051110  |k Z1  |4 ths  |U FAD Fakulta architektúry  |T FA Ústav architektúry obytných budov  |X 4198  |U A1110  |Y 392  |7 A000004198 
856 4 |u http://is.stuba.sk/zp/portal_zp.pl?podrobnosti=139247  |u https://opac.crzp.sk/?fn=detailBiblioForm&sid=752BE197E3AE405D4687F379404B